Quizzes
Events
Quiz Creation
Community
Videos
Private Events
Remove Ads
Sign In
Join for FREE
Feedback
Dark Mode
Quiz Categories
Sports
Geography
Music
Movies
Television
Just For Fun
Miscellaneous
History
Literature
Language
Science
Gaming
Entertainment
Religion
Holiday
For Kids
Quiz Lab
Recent
Popular Today
Quiz Kudos Today
Editor Picks
Curator Picks
Quizzes by...
Day
Popularity
Type
Ratings
Length
Year
Community
Subscriptions
Recent Discussions
Orange Saloon
Badges
Playlists
Quests
Create
Leaderboards
Showdown
Live 5
Trivia Bingo
Activity
Puzzle Library
Sporcle Events
Private Events
Virtual Trivia
Globe League
Become a Host
Pub Owners
SporcleCon
Opinionation
Our Games
Videos
Blog
Mobile Apps
Partnerships
Remove Ads and Go Orange
Feedback
Literature
Harry Potter
A Song of Ice and Fire
The Hunger Games
Literary Character
Shakespeare
Book
Author
Novel
Poem
Young Adult
Children's Books
Play
Lord of the Rings
Literature
Harry Potter
A Song of Ice and Fire
The Hunger Games
Literary Character
Shakespeare
Book
Author
Novel
Poem
Young Adult
Children's Books
Play
Lord of the Rings
Random Quiz
Search Sporcle
×
Quiz Lab
Quiz Lab
Literature
Young Adult
Type in answers that appear in a list
Type in answers that appear in a list
Classic
Best Score? Go Orange.
All Narnia Characters Stats
Can you name the All Narnia Characters?
By
shastastwin
15m
173 Questions
1,809 Plays
1,809 Plays
1,809 Plays
Comments
Comments
Give Quiz Kudos
Give Quiz Kudos
-
- Ratings
hide this ad
More Info
Replay
Link that replays current quiz
Next Quiz
Link to next quiz in quiz playlist
You Got
0%
They Got
Avg Score
37%
Avg Friend Score
Upgrade to see
Score Distribution
Jump to the score distribution portion of the page
Score
0/173
Timer
15:00
0
Plays Today
Race/Species
Character
% Correct
Human
Peter
92.9%
Human
Lucy
92.7%
Human
Susan
92.3%
Human
Edmund
91.9%
Other
Aslan
85.5%
Witch
Jadis
84.1%
Human
Eustace
81.7%
Faun
Mr. Tumnus
81.1%
Human
Digory Kirke
81%
Human
Polly Plummer
77%
Human
Jill
77%
Archenlander
Cor
74.9%
Narnian
Caspian X
73.7%
Talking Beast
Mr. Beaver
71.3%
Talking Beast
Mrs. Beaver
71.2%
Human
Uncle Andrew
68.8%
Talking Beast
Reepicheep
68.6%
Narnian
King Miraz
67.3%
Talking Beast
Bree
66.4%
Marshwiggle
Puddleglum
66.2%
Dwarf
Trumpkin
65.8%
Dwarf
Nikabrik
62.2%
Archenlander
Corin
61.6%
Talking Beast
Hwin
61.5%
Human
Queen Helen
61.1%
Human
King Frank
60.9%
Calormene god
Tash
60.6%
Human
Mr Pevensie
60.3%
Calormene
Aravis
59.6%
Narnian
Prince Rilian
59.2%
Talking Beast
Trufflehunter
57.8%
Human
Mrs Pevensie
57.5%
Talking Beast
Puzzle
57.3%
Narnian
King Tirian
57.2%
Archenlander
Ram
57.1%
Talking Beast
Shift
54.9%
Star
Ramandu
54.7%
Narnian/
Dwarf
Doctor Cornelius
54%
Talking Beast
Strawberry
51.2%
Narnian
Caspian IX
51%
Archenlander
Lune
48.8%
Human
Mabel Kirke
48.7%
Calormene
Rabadash
47.1%
Narnian
Drinian
47%
Witch
Queen of Underland
46.3%
Narnian
Lord Rhoop
46%
Talking Beast
Maugrim
46%
Narnian
Lord Bern
45.7%
Human
Alberta Scrubb
45.1%
Other
Jewel
44.6%
Giant
Rumblebuffin
44.6%
Centaur
Glenstorm
43.7%
Human
Mrs. Macready
42.9%
Talking Beast
Glimfeather
42.7%
Star
Coriakin
41%
Human
Mr Kirke
40.9%
Human
Harold Scrubb
40.7%
Calormene
Tisroc
40.4%
Race/Species
Character
% Correct
Human
Aunt Letty
40.1%
Star
Ramandu's Daughter
40.1%
Talking Beast
Ginger
38.5%
god
Bacchus
38.3%
Archenlander
Dar
37.9%
Narnian
Lord Octesian
37.8%
Other
Father Christmas
37.5%
Talking Beast
Bulgy Bear
37.3%
Archenlander
Col
37.1%
Calormene
Lasaraleen
36.7%
Narnian
Prunaprismia
35.7%
Talking Beast
Lapsed Bear
35.6%
Talking Beast
Farsight
35.4%
Archenlander
Darrin
35.2%
Talking Beast
Peepiceek
34.8%
Archenlander
Colin
34.7%
Narnian
Lord Argoz
34.7%
Centaur
Roonwit
34.6%
Other
Emperor-Over-the-Sea
34.5%
Other
Father Time
34.3%
god
River-God
33.8%
Talking Beast
Bear
33.7%
Narnian
Lord Glozelle
33.5%
Human
Mrs Plummer
33.3%
Narnian
Lord Sopespian
33.2%
Talking Beast
Pattertwig
33.1%
Human
Mr Plummer
33.1%
Giant
Wimbleweather
32.4%
Narnian
Rhince
31.9%
Dwarf
Poggin
31.8%
Narnian
Lord Restimar
31.8%
Human
Ivy
31.2%
Calormene
Arsheesh
31.2%
Human
Betty
30.9%
Narnian
Lord Mavramorn
30.7%
Calormene
Emeth
30.3%
Other
Hag
30.3%
Horse
Destrier
30.1%
Human
Margaret
29.8%
Narnian
Lord Revilian
29.5%
Other
Werewolf
29.1%
Calormene
Rishda Tarkaan
28.7%
Calormene
Ahoshta
28.5%
Talking Beast
Other Lion
28%
Narnian
Pug
27.9%
Human
Anne Featherstone
27.7%
Human
Sarah
27.7%
Horse
Snowflake
27.6%
Gnome
Golg
27.5%
Giant
King of Harfang
27.4%
Star
Alambil
27.4%
Giant
Queen of Harfang
27.3%
Horse
Coalblack
27.2%
god
Silenus
27%
Narnian
Governor Gumpas
26.9%
Narnian
King Erlian
26.7%
Narnian
Queen Swanwhite
26.7%
Star
Tarva
26.1%
Race/Species
Character
% Correct
Human
Marjorie Preston
25.8%
Dwarf
Duffle
25.5%
Talking Beast
Clodsley Shovel
25.2%
Talking Beast
Sallowpad
25.1%
Faun
Dumnus
25%
Talking Beast
Boar
24.8%
Centaur
Cloudbirth
24.6%
Archenlander
Cole
24.3%
Narnian
Rynelf
24.3%
Human
Adela Pennyfather
23.9%
Narnian
Gwendolen
23.3%
Dwarf
Witch's Dwarf
23%
Narnian
Miss Prizzle
22.8%
Talking Beast
White Stag
22.7%
Archenlander
Hermit of Southern March
22.5%
Talking Beast
Camillo
22.1%
Human
Mrs. Lefay
22.1%
Other
Chief Duffer
22%
Talking Beast
Jackdaw
21.9%
Talking Beast
Raven
21.7%
Archenlander
Bar
21.2%
Talking Beast
Bull Elephant
21.2%
Gnome
Warden of Underland
21.1%
Faun
Orruns
21%
Calormene god
Azaroth
20.7%
Dwarf
Bricklethumb
20.6%
Talking Beast
Chervy the Stag
20.6%
Talking Beast
Slinkey
20.4%
Gnome
Mullugutherum
20.4%
Talking Beast
Hogglestock
20.3%
Talking Beast
Lamb
20.3%
Satyr
Wraggle
20%
Calormene god
Zardeenah
19.8%
god
Pomona
19.3%
Dwarf
Griffle
19.2%
Dwarf
Diggle
19%
Talking Beast
Moonwood
18.5%
Narnian
Pittencream
18.2%
Giant
Stonefoot
18.1%
Calormene
Anradin
18.1%
Giant
Pire
18%
Narnian
Tacks
17.8%
Archenlander
Nain
17.5%
Talking Beast
Bulldog
16.9%
Calormene
Azrooh
16.1%
Dwarf
Rogin
15.8%
Dwarf
Thornbut
15.8%
Talking Beast
Phoenix
15.1%
Faun
Voluns
13.9%
Faun
Mentius
13.6%
Faun
Urnus
13.1%
Faun
Girbius
13%
Faun
Voltinus
13%
Faun
Oscuns
12.9%
Faun
Obentinus
12.6%
Faun
Nausus
12.5%
Faun
Nimenius
11%
Quiz Playlist
Details
Report
Send in Message
Add To Playlist
More Info:
Try to guess all of the characters in the Chronicles of Narnia series. (Telmarines and Narnians are the same category for simplicity.)
Classic:
Type in answers that appear in a list
Quiz Source
Last Updated: Feb 16, 2017
Quiz Scoreboard
CHALLENGE
Sign Up to Join the Scoreboard
Show All
Scores
Hide
Comments
May contain spoilers
Recently Published
An Introduction to Baseball
by treessimontrees
Sports
5m
Movies - When Are They Set?
by FPL_Elf
Movies
5m
Popular People in 1961
by mucciniale
History
6m
More to Explore
Quiz From the Vault
Featured Blog Post
Where Did the Easter Bunny Come From?
hide this ad
You Might Also Like...
Tags
Young Adult Quiz
Character
Narnia
Narnia Character
Narnia Series
Today's Top Quizzes in Literature
Browse Literature
hide this ad
Today's Top Quizzes in Young Adult
Browse Young Adult
Top Contributed Quizzes in Literature
1
Sneaky Slytherin Logic Puzzle
2
Get The Picture: Black or White Literature
3
A Court of Thorns and Roses (ACoTaR) Logic Puzzle
4
One Thing in Common: Literature
5
5-to-1: Plays
6
Harry Potter Neighbourly Logic Puzzle #5
7
One Thing in Common: Literature 3
8
One Thing in Common: Literature II
9
One Thing in Common: Books
10
Harry Potter Neighbourly Logic Puzzle #3
Explore More
Trending Topics
Anime
Marvel
Harry Potter
Disney
Kpop
NBA
Crossword
Song
Country
NFL
WWE
Soccer
Pokémon
Puzzle
The Office
hide this ad
More By:
shastastwin
Quiz
Plays
Rating
Category
Featured
Created
All Narnia Characters
1,809
4.75
Literature
Jul 26, 2012
Go to Creator's Profile
Score Distribution
Quiz Creator Spotlight
shastastwin
Follow
Send a Message
Quizzes Created
-
Created Quiz Play Count
-
More By This Creator
Popular Quizzes Today
1
Find the Countries of Europe - No Outlines Minefield
2
Find the US States - No Outlines Minefield
3
The Countries of the World
4
Popular People in 1961
5
Find the US States
6
US States
7
1-10 Letter E Words III
8
Risky Map Clicking: Biggest States A-Z
More Literature Quizzes
A Harry Potter Logic Puzzle
Published
Trending Quizzes
Risky Map Clicking: Least Populous States A-Z
1-10 Letter F Words
1-10 Letter G Words
One Thing in Common: United Kingdom
Risky Map Clicking: Next State Alphabetically
Recently Updated
Leaping Animals
pecheneg
Reality TV Shows (A-Z)
bhenderson79
Rickey Henderson's Hall of Fame Teammates
pecheneg
Champions League XIs: Arsenal
pecheneg
Quick Pick: Celebrities in WWE's Hall of Fame
aduchscher
A-Z Keypad Blitz II
pecheneg
Multiple Oscar Actors
pecheneg
Mystery Phrase Blitz: Oscar 'Best Actors'
pecheneg
F. Scott Fitzgerald Novels
LTH
Pick 3 Villains
ddd62291
Trending Topics
Marvel
NBA
Kpop
Anime
Harry Potter
Disney
Crossword
NFL
Puzzle
WWE
Song
Country
Soccer
The Office
Pokémon
Your Account Isn't Verified!
In order to create a playlist on Sporcle, you need to verify the email address you used during registration. Go to your
Sporcle Settings
to finish the process.
Report this User
Report this user for behavior that violates our
Community Guidelines
.
Details:
Send Report
Go to the Sporcle.com Mobile Site →
Comments